LDR 00799naa#a2200169#i#450# 001 RU\\bibl\120806 005 20260703013625.5 011 ## _a2227-1171 100 ## _a20260630b2026####ek#y0rusy0150####ca 102 ## _aRU 200 1# _aПРЕДУПРЕЖДЕНИЕ ФАКТОВ НЕЗАКОННОГО ПОЛУЧЕНИЯ МАТЕРИНСКОГО КАПИТАЛА ПРИ УЛУЧШЕНИИ ЖИЛИЩНЫХ УСЛОВИЙ (СТ. 159.2 УК РФ) _eЖурнальная статья 210 1# _aКазань _cКазанский юридический институт МВД России _d2026 215 ## _a5 с. 608 ## _aЖурнальная статья _2local 675 ## _aМошенничество. Обман. 343.72 _z 700 #1 _aШайдуллина _gЭльвира Дамировна 856 4# _avestnikkui.ru _u